000
00309nam a2200097Ia 4500
008
171211s9999 xx 000 0 und d
245
2
_a
A la recherche des animaux mystérieux - Idées reçues sur la cryptozoologie
260
_c
2016
650
_x
ANIMALS
856
_u
http://down.ebook777.com/042/1031800998.pdf
999
_c
348488
_d
348488